Teresa filósofa / (Record no. 129206)

MARC details
000 -LEADER
campo de control de longitud fija 00717nam a2200205 i 4500
001 - NÚMERO DE CONTROL
campo de control 129206
003 - IDENTIFICADOR DE NÚMERO DE CONTROL
campo de control ES-MaACL
005 - FECHA Y HORA DE LA ÚLTIMA TRANSACCIÓN
campo de control 20250909195934.0
007 - CAMPO FIJO DE DESCRIPCIÓN FÍSICA--INFORMACIÓN GENERAL
campo de control de longitud fija t|
008 - DATOS DE LONGITUD FIJA--INFORMACIÓN GENERAL
campo de control de longitud fija 070608s1978 sp ||||1| spa d
080 ## - NÚMERO DE LA CLASIFICACIÓN DECIMAL UNIVERSAL
Número de la Clasificación Decimal Universal 840-31"17"
245 00 - MENCIÓN DEL TÍTULO
Título Teresa filósofa /
Mención de responsabilidad, etc. Obra de autor anónimo, puesta ahora en castellano por Joaquín López Barbadillo y por Miguel Romero Martínez.
260 ## - PUBLICACIÓN, DISTRIBUCIÓN, ETC.
Lugar de publicación, distribución, etc. [Madrid] :
Nombre del editor, distribuidor, etc. Akal,
Fecha de publicación, distribución, etc. [1978]
300 ## - DESCRIPCIÓN FÍSICA
Extensión 141 p. :
Otras características físicas il. ;
Dimensiones 20 cm.
500 ## - NOTA GENERAL
Nota general Edición facsímil de la de Joaquín López Barbadillo.
700 1# - ENTRADA AGREGADA--NOMBRE PERSONAL
Nombre de persona López Barbadillo, Joaquín.
9 (RLIN) 73441
700 1# - ENTRADA AGREGADA--NOMBRE PERSONAL
Nombre de persona Romero Martínez, Miguel,
Fechas asociadas al nombre 1888-1957
9 (RLIN) 99411
852 ## - LOCALIZACIÓN
Ubicación ES-MaACL
Número de control de estantería A-10400
Sublocalización o colección R.99023
Holdings
Estatus retirado Estado de pérdida Estado de daño No para préstamo Biblioteca de origen Biblioteca actual Ubicación en estantería Fecha de adquisición Fuente de adquisición Total de préstamos Signatura topográfica completa Código de barras Visto por última vez Precio de reemplazo Tipo de ítem Koha
        Biblioteca del Ateneo de Madrid Biblioteca del Ateneo de Madrid Depósito 1 17/01/2008     A-10400 1134551 23/02/2023 23/02/2023 Libro impreso